000 00371cam a2200157ua 4500
041 _aeng
_h
082 _a587
_bPAR/PT
100 _aParihar, N S .
245 _aPteridophytes /
_cN S Parihar.
_hTextual Documents
250 _a5 /
_b.
260 _aAllahabad :
_bCentral Book Depot ,
_c1965.
300 _a326 ; .
504 _a
942 _cBK
999 _c9119
_d9119